[Event "BEL-ch"]
[Site "Namur"]
[Date "2006.07.04"]
[Round "4"]
[White "Wiley, Tom E"]
[Black "Geirnaert, Steven"]
[Result "1/2-1/2"]
[WhiteElo "2317"]
[BlackElo "2357"]
[PlyCount "34"]
[EventDate "2006.07.01"]
[EventType "swiss"]
[EventRounds "9"]
[EventCountry "BEL"]

1. d4 d5 2. c4 dxc4 3. Nf3 Nf6 4. e3 e6 5. Bxc4 a6 6. O-O c5 7. Bd3 Nc6 8. Nc3
b6 9. a3 Bb7 10. dxc5 Bxc5 11. Qe2 Nd5 12. Ne4 Be7 13. Ng3 Qc7 14. Nh5 Nf6 15.
Ng5 Nxh5 16. Qxh5 Bxg5 17. Qxg5 Qe5 1/2-1/2

[Event "BEL-ch"]
[Site "Namur"]
[Date "2006.07.04"]
[Round "4"]
[White "Werksma, Arie"]
[Black "Mohandesi, Shahin"]
[Result "1/2-1/2"]
[WhiteElo "2295"]
[BlackElo "2246"]
[PlyCount "50"]
[EventDate "2006.07.01"]
[EventType "swiss"]
[EventRounds "9"]
[EventCountry "BEL"]

1. e4 c5 2. Nf3 e6 3. d4 cxd4 4. Nxd4 Nf6 5. Nc3 Nc6 6. Nxc6 dxc6 7. Qxd8+ Kxd8
8. Bg5 h6 9. Bh4 Bd7 10. O-O-O g5 11. Bg3 Nh5 12. Be5 f6 13. Bd4 Be7 14. g3 Kc7
15. Be2 Ng7 16. f4 b6 17. h4 gxf4 18. gxf4 Rhg8 19. Rdg1 Ne8 20. h5 c5 21. Be3
Bc6 22. Bc4 Rxg1+ 23. Rxg1 Nd6 24. Bxe6 Nxe4 25. Nxe4 Bxe4 1/2-1/2

[Event "BEL-ch"]
[Site "Namur"]
[Date "2006.07.04"]
[Round "4"]
[White "Henris, Luc"]
[Black "Geenen, Marc"]
[Result "1/2-1/2"]
[WhiteElo "2285"]
[BlackElo "2343"]
[PlyCount "28"]
[EventDate "2006.07.01"]
[EventType "swiss"]
[EventRounds "9"]
[EventCountry "BEL"]

1. e4 e5 2. f4 Bc5 3. Nf3 d6 4. c3 Bb6 5. Na3 Nf6 6. Nc4 Nxe4 7. Qe2 Nf6 8.
fxe5 dxe5 9. Qxe5+ Be6 10. Nxb6 axb6 11. Bc4 Nc6 12. Qe2 Nd5 13. d4 Na5 14. Bg5
Qd6 1/2-1/2

[Event "BEL-ch"]
[Site "Namur"]
[Date "2006.07.04"]
[Round "4"]
[White "Meessen, Rudolf"]
[Black "Piceu, Tom"]
[Result "1/2-1/2"]
[WhiteElo "2316"]
[BlackElo "2345"]
[PlyCount "103"]
[EventDate "2006.07.01"]
[EventType "swiss"]
[EventRounds "9"]
[EventCountry "BEL"]

1. e4 c5 2. Nf3 d6 3. d4 cxd4 4. Nxd4 Nf6 5. Nc3 a6 6. Be3 e5 7. Nb3 Be6 8. f3
Be7 9. Qd2 O-O 10. O-O-O b5 11. g4 b4 12. Nd5 Bxd5 13. exd5 a5 14. Kb1 Qc7 15.
g5 Nfd7 16. h4 Rc8 17. h5 a4 18. Nc1 Nb6 19. Rh4 a3 20. Rxb4 Na4 21. Rc4 Qb7
22. Rb4 Qc7 23. g6 Nxb2 24. gxf7+ Kxf7 25. Re1 Nd7 26. Bh3 Bf6 27. Nb3 Ra4 28.
Rxa4 Nxa4 29. c4 Rb8 30. Be6+ Ke7 31. Bxd7 Qxd7 32. Qd3 Rb4 33. Rc1 Qb7 34. c5
Nxc5 35. Bxc5 dxc5 36. Rxc5 Qb6 37. Qc2 Rh4 38. Rc7+ Kd8 39. Rc8+ Kd7 40. Qf5+
Ke7 41. Qd3 Rh1+ 42. Rc1 Rxc1+ 43. Kxc1 Qg1+ 44. Kc2 Qf2+ 45. Nd2 Bg5 46. Qxa3+
Kf7 47. Qd3 Bxd2 48. Qf5+ Kg8 49. Qe6+ Kf8 50. Qd6+ Kf7 51. Qe6+ Kf8 52. Qf5+
1/2-1/2

[Event "BEL-ch"]
[Site "Namur"]
[Date "2006.07.04"]
[Round "4"]
[White "Saiboulatov, Danial"]
[Black "Hautot, Stephane"]
[Result "1/2-1/2"]
[WhiteElo "2414"]
[BlackElo "2376"]
[PlyCount "71"]
[EventDate "2006.07.01"]
[EventType "swiss"]
[EventRounds "9"]
[EventCountry "BEL"]

1. e4 c5 2. Nf3 d6 3. Bb5+ Nd7 4. O-O Ngf6 5. Re1 a6 6. Bf1 e5 7. c3 Be7 8. d4
O-O 9. Nbd2 b6 10. a4 Bb7 11. d5 Ne8 12. Nc4 Bc8 13. b4 g6 14. Bh6 Ng7 15. Qd2
f5 16. Ng5 Nf6 17. f3 fxe4 18. Nxe4 Nxe4 19. fxe4 Ra7 20. Be2 Bh4 21. Rf1 Raf7
22. Rxf7 Rxf7 23. Rf1 Rxf1+ 24. Bxf1 b5 25. axb5 axb5 26. Na5 c4 27. g3 Bf6 28.
Nc6 Qc7 29. Qf2 Ne8 30. Be3 Bd7 31. Na5 Bd8 32. h3 Qc8 33. Kh2 Kg7 34. g4 Nf6
35. Qf3 h6 36. Bg2 1/2-1/2

[Event "BEL-ch"]
[Site "Namur"]
[Date "2006.07.04"]
[Round "4"]
[White "Le Quang, Kim"]
[Black "Laurent, Bruno"]
[Result "0-1"]
[WhiteElo "2333"]
[BlackElo "2359"]
[PlyCount "58"]
[EventDate "2006.07.01"]
[EventType "swiss"]
[EventRounds "9"]
[EventCountry "BEL"]

1. Nf3 Nf6 2. b3 d6 3. Bb2 e5 4. e3 g6 5. Be2 Bg7 6. d3 O-O 7. O-O c5 8. c4 Nc6
9. Nc3 Re8 10. a3 b6 11. Nd2 d5 12. cxd5 Nxd5 13. Nxd5 Qxd5 14. b4 cxb4 15.
axb4 Bb7 16. e4 Qd7 17. Qa4 Red8 18. b5 Nd4 19. Bxd4 exd4 20. f4 Rdc8 21. e5 f6
22. Nc4 Rc5 23. Nd6 Bd5 24. Bf3 fxe5 25. fxe5 Bxe5 26. Nc4 Bc7 27. Bxd5+ Rxd5
28. Rf6 Re8 29. Qxa7 Re1+ 0-1

[Event "BEL-ch"]
[Site "Namur"]
[Date "2006.07.04"]
[Round "4"]
[White "Denayer, Eric"]
[Black "Cekro, Ekrem"]
[Result "0-1"]
[WhiteElo "2270"]
[BlackElo "2394"]
[PlyCount "66"]
[EventDate "2006.07.01"]
[EventType "swiss"]
[EventRounds "9"]
[EventCountry "BEL"]

1. Nf3 c5 2. c4 g6 3. g3 Bg7 4. Bg2 Nc6 5. Nc3 e5 6. d3 d6 7. a3 Nge7 8. h4 h6
9. Nd5 Nxd5 10. cxd5 Ne7 11. e4 O-O 12. Ng1 f5 13. Nh3 Kh7 14. f4 exf4 15. Nxf4
Qe8 16. Qe2 Be5 17. Be3 Rf6 18. O-O-O Bd7 19. Qd2 Ng8 20. Rdf1 c4 21. d4 Bxf4
22. Rxf4 fxe4 23. Rhf1 Rxf4 24. Rxf4 h5 25. Bxe4 Nh6 26. Bc2 Bf5 27. Rf1 Bxc2
28. Bxh6 Bf5 29. Bg5 Qe4 30. Rxf5 Qxf5 31. Qe2 Qxd5 32. Qe7+ Kg8 33. Bf6 Qf7
0-1

[Event "BEL-ch"]
[Site "Namur"]
[Date "2006.07.04"]
[Round "4"]
[White "Claesen, Pieter"]
[Black "Vandevoort, Pascal"]
[Result "1/2-1/2"]
[WhiteElo "2366"]
[BlackElo "2412"]
[PlyCount "81"]
[EventDate "2006.07.01"]
[EventType "swiss"]
[EventRounds "9"]
[EventCountry "BEL"]

1. e4 e5 2. Bc4 Nf6 3. d3 Nc6 4. Nf3 Bc5 5. O-O a6 6. c3 Ba7 7. Bb3 d6 8. Be3
O-O 9. Nbd2 Bxe3 10. fxe3 Ne7 11. Nh4 Kh8 12. Ndf3 Neg8 13. Qe1 Nh6 14. Rd1 Qe8
15. h3 Nfg8 16. Rd2 Be6 17. Bd1 f6 18. g4 Nf7 19. Qg3 Rd8 20. a3 d5 21. exd5
Bxd5 22. e4 Be6 23. d4 exd4 24. cxd4 Bc4 25. Re1 c5 26. b3 Be6 27. d5 Bc8 28.
e5 Nxe5 29. Nxe5 fxe5 30. Rxe5 Qf7 31. Rf2 Qxf2+ 32. Qxf2 Rxf2 33. Kxf2 Nf6 34.
Bf3 Kg8 35. Nf5 Bxf5 36. Rxf5 Rd6 37. Re5 Kf8 38. g5 Ne8 39. Bg4 Rb6 40. Rf5+
Ke7 41. Re5+ 1/2-1/2

[Event "BEL-ch"]
[Site "Namur"]
[Date "2006.07.04"]
[Round "4"]
[White "Vanderstricht, Geert"]
[Black "Hovhanisian, Mher"]
[Result "0-1"]
[WhiteElo "2425"]
[BlackElo "2356"]
[PlyCount "162"]
[EventDate "2006.07.01"]
[EventType "swiss"]
[EventRounds "9"]
[EventCountry "BEL"]

1. d4 e6 2. c4 Nf6 3. Nc3 d5 4. Bg5 dxc4 5. e4 Bb4 6. e5 h6 7. Bd2 Bxc3 8. bxc3
Ne4 9. Bxc4 Qh4 10. g3 Qe7 11. Bc1 Nxc3 12. Qb3 Nd5 13. Ba3 Qd7 14. Rc1 Ne7 15.
Ne2 a6 16. O-O Nbc6 17. Bd3 O-O 18. Bb1 Rd8 19. Rfd1 Nd5 20. Qc2 f5 21. exf6
Nxf6 22. Qc5 Qd5 23. Qc3 Bd7 24. Nf4 Qg5 25. Re1 Nd5 26. Nxd5 exd5 27. Qd3 Re8
28. f4 Rxe1+ 29. Rxe1 Qf6 30. Kg2 Re8 31. Re5 Nxe5 32. dxe5 Qc6 33. Bc2 d4+ 34.
Kg1 Bh3 35. Qh7+ Kf7 36. Bb3+ Be6 37. Bc2 Bh3 38. Bb3+ Re6 39. Bxe6+ Qxe6 40.
Qc2 Qd5 41. Qb3 Be6 42. Qxd5 Bxd5 43. Bc5 d3 44. Kf2 Bxa2 45. Ke3 b6 46. Bb4 c5
47. Bc3 Bc4 48. f5 b5 49. e6+ Kg8 50. Ba5 b4 51. Kd2 Bb5 52. g4 b3 53. Bc3 c4
54. h4 Bc6 55. g5 hxg5 56. hxg5 Bd5 57. e7 Kf7 58. Bxg7 Kxe7 59. g6 Ke8 60. f6
Bf7 61. gxf7+ Kxf7 62. Kc3 a5 63. Bh6 Kxf6 64. Bc1 Ke6 65. Ba3 Kd5 66. Bc1 Kc5
67. Be3+ Kb5 68. Bd2 Ka4 69. Kb2 Kb5 70. Kc3 a4 71. Bc1 d2 (71... Kc5 72. Ba3+
Kd5 73. Bc1 Ke4 74. Kd2 Kd4 (74... Kf3 75. Ba3) 75. Bb2+ c3+ 76. Bxc3+ Kc4 77.
Bb2 $11) 72. Bxd2 a3 73. Be1 Kc5 74. Bd2 a2 75. Kb2 Kd4 76. Bc3+ Kd3 77. Bf6 $4
(77. Ka1 Ke3 78. Be5 Kd2 79. Bc3+ $11) 77... a1=Q+ 78. Kxa1 Kc2 79. Be5 c3 80.
Bxc3 Kxc3 81. Kb1 b2 0-1

[Event "BEL-ch"]
[Site "Namur"]
[Date "2006.07.05"]
[Round "5"]
[White "Werksma, Arie"]
[Black "Wiley, Tom E"]
[Result "1/2-1/2"]
[WhiteElo "2295"]
[BlackElo "2317"]
[PlyCount "103"]
[EventDate "2006.07.01"]
[EventType "swiss"]
[EventRounds "9"]
[EventCountry "BEL"]

1. e4 e6 2. d4 d5 3. e5 c5 4. c3 Nc6 5. Nf3 Bd7 6. dxc5 Bxc5 7. b4 Bb6 8. b5
Na5 9. Bd3 Qc7 10. O-O Nc4 11. a4 Ne7 12. Qe2 Ng6 13. Re1 a6 14. bxa6 Rxa6 15.
h4 Rxa4 16. Rxa4 Bxa4 17. h5 Ne7 18. Nbd2 Nxd2 19. Qxd2 h6 20. Qf4 Bd7 21. c4
Bc5 22. cxd5 Nxd5 23. Qg4 Kf8 24. Bb2 Bc6 25. Rc1 Be7 26. Bd4 Nb4 27. Be4 Qd8
28. Bxc6 Nxc6 29. Rb1 Qc8 30. Bb6 Rg8 31. Rd1 g5 32. hxg6 Rxg6 33. Qe4 Kg7 34.
g3 h5 35. Kf1 Rg4 36. Qd3 Nb4 37. Qd7 Qxd7 38. Rxd7 Nd5 39. Bd4 b5 40. Rb7 b4
41. Ke2 Kg6 42. Kd3 Kf5 43. Nh2 Rg8 44. Nf1 Kg6 45. Ne3 Nxe3 46. Kxe3 Re8 47.
Ke4 Bf8 48. Rb6 Rd8 49. f4 Kg7 50. Be3 Be7 51. f5 exf5+ 52. Kxf5 1/2-1/2

[Event "BEL-ch"]
[Site "Namur"]
[Date "2006.07.05"]
[Round "5"]
[White "Meessen, Rudolf"]
[Black "Henris, Luc"]
[Result "1/2-1/2"]
[WhiteElo "2316"]
[BlackElo "2285"]
[PlyCount "52"]
[EventDate "2006.07.01"]
[EventType "swiss"]
[EventRounds "9"]
[EventCountry "BEL"]

1. d4 d5 2. c4 e5 3. dxe5 d4 4. Nf3 Nc6 5. Nbd2 Bg4 6. h3 Bxf3 7. Nxf3 Bb4+ 8.
Bd2 Qe7 9. a3 Bxd2+ 10. Qxd2 O-O-O 11. e3 Nh6 12. Nxd4 Nxd4 13. exd4 c5 14. Qa5
Rxd4 15. Qxa7 Re8 16. Be2 Re4 17. O-O-O Rxe2 18. f4 Re4 19. Rd5 Rxc4+ 20. Kb1
Rd8 21. Qa8+ Kc7 22. Qa5+ Kc8 23. Qa8+ Kc7 24. Qa5+ Kc8 25. Qa8+ Kc7 26. Qa5+
Kc8 1/2-1/2

[Event "BEL-ch"]
[Site "Namur"]
[Date "2006.07.05"]
[Round "5"]
[White "Piceu, Tom"]
[Black "Denayer, Eric"]
[Result "1/2-1/2"]
[WhiteElo "2345"]
[BlackElo "2251"]
[PlyCount "131"]
[EventDate "2006.07.01"]
[EventType "swiss"]
[EventRounds "9"]
[EventCountry "BEL"]

1. d4 Nf6 2. c4 e6 3. Bg5 c5 4. d5 exd5 5. cxd5 h6 6. Bxf6 Qxf6 7. Nc3 d6 8. e4
Qe7 9. Bd3 g6 10. Nge2 Bg7 11. O-O O-O 12. Qd2 Na6 13. Rae1 b5 14. Bxb5 Rb8 15.
f4 Nc7 16. Bc4 Ba6 17. Bxa6 Nxa6 18. e5 dxe5 19. f5 c4 20. Ng3 Qc5+ 21. Kh1 Qd4
22. Qe2 Nc5 23. Rb1 Rfd8 24. f6 Bf8 25. Rfd1 Nd3 26. Nge4 Bb4 27. Qd2 Kh7 28.
Rf1 Qxe4 29. Nxe4 Bxd2 30. Nxd2 Nxb2 31. Rfc1 Rxd5 32. Nxc4 Rdb5 33. Nd6 R5b6
34. Nxf7 Nd3 35. Rxb6 Rxb6 36. Rf1 e4 37. Ng5+ hxg5 38. f7 Nf2+ 39. Kg1 Kg7 40.
f8=Q+ Kxf8 41. Rxf2+ Ke7 42. Re2 Rb4 43. Kf2 Ke6 44. Ke3 Ra4 45. Rb2 a6 46. Rb8
Rxa2 47. Kxe4 Rxg2 48. Rb6+ Kf7 49. Rxa6 Rxh2 50. Ra7+ Kf6 51. Ra6+ Kg7 52. Kf3
Kh6 53. Ra8 Rh3+ 54. Kg4 Rh4+ 55. Kg3 Rb4 56. Rh8+ Kg7 57. Ra8 Rb1 58. Rc8 Re1
59. Ra8 Re4 60. Rb8 g4 61. Ra8 Kf6 62. Ra6+ Kg5 63. Ra5+ Kh6 64. Rb5 g5 65. Rb8
Kh5 66. Rh8+ 1/2-1/2

[Event "BEL-ch"]
[Site "Namur"]
[Date "2006.07.05"]
[Round "5"]
[White "Vandevoort, Pascal"]
[Black "Laurent, Bruno"]
[Result "1/2-1/2"]
[WhiteElo "2402"]
[BlackElo "2359"]
[PlyCount "37"]
[EventDate "2006.07.01"]
[EventType "swiss"]
[EventRounds "9"]
[EventCountry "BEL"]

1. d4 d5 2. Nf3 Nf6 3. c4 dxc4 4. e3 e6 5. Bxc4 c5 6. O-O a6 7. Bb3 b5 8. a4 b4
9. Nbd2 Bb7 10. a5 Nbd7 11. e4 cxd4 12. e5 Nd5 13. Ne4 Nc3 14. bxc3 Bxe4 15.
cxd4 Be7 16. Re1 Bb7 17. Bf4 O-O 18. Re3 Rc8 19. Qe2 1/2-1/2

[Event "BEL-ch"]
[Site "Namur"]
[Date "2006.07.05"]
[Round "5"]
[White "Hautot, Stephane"]
[Black "Mohandesi, Shahin"]
[Result "1/2-1/2"]
[WhiteElo "2376"]
[BlackElo "2346"]
[PlyCount "84"]
[EventDate "2006.07.01"]
[EventType "swiss"]
[EventRounds "9"]
[EventCountry "BEL"]

1. e4 c5 2. Nf3 Nc6 3. d4 cxd4 4. Nxd4 Nf6 5. Nc3 e5 6. Ndb5 d6 7. Bg5 a6 8.
Na3 b5 9. Nd5 Be7 10. Bxf6 Bxf6 11. c3 O-O 12. Nc2 Rb8 13. h4 a5 14. a3 Ne7 15.
Nxf6+ gxf6 16. Qd2 f5 17. Qg5+ Ng6 18. exf5 Qxg5 19. hxg5 Bxf5 20. O-O-O Rb6
21. Ne3 Be6 22. Nd5 Bxd5 23. Rxd5 Rfb8 24. Bd3 Nf4 25. Bxh7+ Kg7 26. Rdd1 b4
27. cxb4 axb4 28. a4 Ne6 29. Be4 Nc5 30. Bf5 Nxa4 31. Rh7+ Kf8 32. Be4 b3 33.
Kb1 Re8 34. Bd5 Re7 35. Rd3 e4 36. Rxb3 Re5 37. Rxb6 Nxb6 38. Bxf7 Rxg5 39. g3
e3 40. fxe3 Rxg3 41. e4 Rg4 42. Bd5 Nxd5 1/2-1/2

[Event "BEL-ch"]
[Site "Namur"]
[Date "2006.07.05"]
[Round "5"]
[White "Cekro, Ekrem"]
[Black "Claesen, Pieter"]
[Result "0-1"]
[WhiteElo "2394"]
[BlackElo "2402"]
[PlyCount "98"]
[EventDate "2006.07.01"]
[EventType "swiss"]
[EventRounds "9"]
[EventCountry "BEL"]

1. c4 e5 2. Nc3 Bb4 3. g3 Bxc3 4. bxc3 d6 5. Bg2 Ne7 6. d3 O-O 7. Rb1 Nbc6 8.
f4 Rb8 9. Nf3 f6 10. O-O Be6 11. e4 exf4 12. gxf4 Kh8 13. Be3 Qd7 14. f5 Bg8
15. Qe2 a6 16. d4 Na5 17. d5 c5 18. Bf4 Rfe8 19. Qd3 Nc8 20. Nd2 Qc7 21. Rb2
Nb6 22. Rc1 Nd7 23. Bf1 Ne5 24. Qg3 Bf7 25. Rcb1 b6 26. Kh1 Re7 27. Be2 Be8 28.
Qh3 Qd8 29. Qf1 Reb7 30. Nf3 Nf7 31. Bd3 Qe7 32. Nd2 Ne5 33. Be2 b5 34. cxb5
axb5 35. Kg1 c4 36. Rb4 Ra7 37. Qf2 Rba8 38. Bxe5 Qxe5 39. Qg3 Rc7 40. Qxe5
fxe5 41. Bd1 g6 42. fxg6 Rg7 43. Kh1 Nb7 44. Nxc4 Rxa2 45. Nb2 Bxg6 46. Bf3 Nc5
47. Rxb5 Nxe4 48. Nd1 Nf2+ 49. Nxf2 Bxb1 0-1

[Event "BEL-ch"]
[Site "Namur"]
[Date "2006.07.06"]
[Round "6"]
[White "Geenen, Marc"]
[Black "Werksma, Arie"]
[Result "1/2-1/2"]
[WhiteElo "2343"]
[BlackElo "2295"]
[PlyCount "26"]
[EventDate "2006.07.01"]
[EventType "swiss"]
[EventRounds "9"]
[EventCountry "BEL"]

1. e4 Nc6 2. d4 d5 3. Nc3 e6 4. Nf3 Nf6 5. e5 Ne4 6. Ne2 f6 7. exf6 Qxf6 8. Ng3
e5 9. Bb5 exd4 10. Nxe4 dxe4 11. Nxd4 Bd7 12. Be3 Qg6 13. Qe2 O-O-O 1/2-1/2

[Event "BEL-ch"]
[Site "Namur"]
[Date "2006.07.06"]
[Round "6"]
[White "Denayer, Eric"]
[Black "Henris, Luc"]
[Result "0-1"]
[WhiteElo "2251"]
[BlackElo "2285"]
[PlyCount "114"]
[EventDate "2006.07.01"]
[EventType "swiss"]
[EventRounds "9"]
[EventCountry "BEL"]

1. d4 d5 2. Nf3 Nc6 3. g3 Bg4 4. Bg2 Qd7 5. h3 Bf5 6. Nh4 Be4 7. f3 Bg6 8. c3
Bxb1 9. Rxb1 f6 10. f4 Nh6 11. Qd3 O-O-O 12. O-O e5 13. fxe5 fxe5 14. Bg5 Be7
15. Bxe7 Qxe7 16. e4 exd4 17. exd5 dxc3 18. bxc3 Qc5+ 19. Kh1 Ne5 20. Qc2 Nc4
21. Qf2 Qxf2 22. Rxf2 Ne3 23. Rd2 g5 24. Nf3 Nf7 25. Re1 Nxg2 26. Kxg2 Rhe8 27.
Rxe8 Rxe8 28. Kf2 Nd6 29. Re2 Ne4+ 30. Kg2 Kd7 31. c4 h6 32. Nd4 b6 33. g4 Nd6
34. Rxe8 Kxe8 35. Ne6 Nxc4 36. Nxc7+ Kd7 37. Nb5 a6 38. Nd4 Kd6 39. Nf5+ Kxd5
40. Nxh6 Nd6 41. Kf3 b5 42. Ke3 a5 43. Kd3 b4 44. Ng8 Ke6 45. Nh6 Kf6 46. Ng8+
Kf7 47. Nh6+ Kg7 48. Nf5+ Nxf5 49. gxf5 a4 50. Kc4 b3 51. axb3 axb3 52. Kxb3
Kf6 53. Kc3 Kxf5 54. Kd3 Kf4 55. Ke2 (55. h4 $11) 55... Kg3 56. h4 Kxh4 57. Kf1
Kg3 0-1

[Event "BEL-ch"]
[Site "Namur"]
[Date "2006.07.06"]
[Round "6"]
[White "Le Quang, Kim"]
[Black "Meessen, Rudolf"]
[Result "0-1"]
[WhiteElo "2309"]
[BlackElo "2316"]
[PlyCount "74"]
[EventDate "2006.07.01"]
[EventType "swiss"]
[EventRounds "9"]
[EventCountry "BEL"]

1. c4 e5 2. g3 c6 3. d4 e4 4. Bg2 d5 5. Nc3 Nf6 6. cxd5 cxd5 7. Bg5 Bb4 8. Rc1
O-O 9. Nh3 Nbd7 10. Qb3 Bxc3+ 11. Rxc3 Nb6 12. Nf4 Bd7 13. O-O Ba4 14. Qa3 Bb5
15. Rc5 Ba6 16. Rfc1 h6 17. Bxf6 Qxf6 18. Nxd5 Qxd4 19. Ne7+ Kh8 20. Nf5 Qd2
21. Bxe4 Rfe8 22. R5c2 Qg5 23. Qf3 Rad8 24. Ne3 Qe7 25. Bf5 Nd7 26. Rc7 Ne5 27.
Qh5 Qd6 28. Bb1 Ng6 29. Rxf7 Re6 30. Rxg7 Ne5 31. Rh7+ Kg8 32. Qf5 Rg6 33. Rcc7
Bxe2 34. Be4 Qd1+ 35. Nxd1 $4 (35. Kg2 $8) 35... Rxd1+ 36. Kg2 Bf1+ 37. Kg1
Bh3# 0-1

[Event "BEL-ch"]
[Site "Namur"]
[Date "2006.07.06"]
[Round "6"]
[White "Saiboulatov, Danial"]
[Black "Claesen, Pieter"]
[Result "1/2-1/2"]
[WhiteElo "2414"]
[BlackElo "2402"]
[PlyCount "27"]
[EventDate "2006.07.01"]
[EventType "swiss"]
[EventRounds "9"]
[EventCountry "BEL"]

1. e4 e6 2. d4 d5 3. Nd2 dxe4 4. Nxe4 Bd7 5. Nf3 Bc6 6. Bd3 Nd7 7. O-O Ngf6 8.
Ng3 Be7 9. b3 O-O 10. Bb2 Bxf3 11. Qxf3 c6 12. Rfe1 Re8 13. c4 Qc7 14. Re2
1/2-1/2

[Event "BEL-ch"]
[Site "Namur"]
[Date "2006.07.06"]
[Round "6"]
[White "Vanderstricht, Geert"]
[Black "Vandevoort, Pascal"]
[Result "1/2-1/2"]
[WhiteElo "2417"]
[BlackElo "2402"]
[PlyCount "115"]
[EventDate "2006.07.01"]
[EventType "swiss"]
[EventRounds "9"]
[EventCountry "BEL"]

1. d4 Nf6 2. c4 g6 3. Nc3 Bg7 4. e4 d6 5. Nf3 O-O 6. Be2 e5 7. O-O Na6 8. Re1
c6 9. Bf1 exd4 10. Nxd4 Ng4 11. h3 Qb6 12. hxg4 Qxd4 13. g5 Qxd1 14. Rxd1 Be5
15. Na4 Nc5 16. Nxc5 dxc5 17. Be3 Bxb2 18. Rab1 Bg7 19. Bxc5 Re8 20. Be3 b6 21.
a4 Be6 22. f3 Rad8 23. Kf2 c5 24. Rxd8 Rxd8 25. a5 bxa5 26. Rb7 a6 27. Bxc5 Rc8
28. Ba3 Bd4+ 29. Kg3 Kg7 30. Bb2 Bxb2 31. Rxb2 Rc5 32. Kf4 a4 33. Ra2 Bd7 34.
Bd3 Kf8 (34... h6) (34... f6 35. gxf6+ Kxf6 36. Ke3) 35. e5 Bc6 36. Rc2 Ke7 37.
Be4 Bd7 (37... Bxe4 38. Kxe4 a3 39. Kd4 Ra5 40. Ra2 Kd7 41. f4 Kc6 42. g4) 38.
Bd5 Be6 39. Ra2 Bxd5 40. cxd5 Rxd5 41. Rxa4 a5 42. Rc4 Kd7 43. Ke4 Rb5 44. Rd4+
Kc7 45. Rd6 Rb6 46. Rd3 a4 47. Ra3 Ra6 (47... Rb4+ 48. Kd5 Kb6 49. e6 fxe6+ 50.
Kxe6 Ka5 51. Kf6 Rb6+ 52. Kg7 Rb7+ 53. Kh6 Kb4 54. Ra1 Ra7 55. f4 a3 56. g4 Rf7
57. f5 gxf5 58. g6) 48. f4 Kc6 49. g4 Kc5 50. f5 gxf5+ (50... Kb4 51. Ra1 a3 (
51... Ra5 52. Kd4 gxf5 53. gxf5 a3 54. Rb1+ Ka4 55. Re1 a2 56. e6 fxe6 57. fxe6
Rxg5 58. e7 Rg8 59. Kc5) 52. e6 Ra7 (52... fxe6 53. f6 Kb3 54. f7 Ra8 55. Ke5
Kb2 56. Rf1 a2 57. Kxe6) 53. Ke5) 51. gxf5 Kb4 52. Rh3 (52. Ra1 Ra5) 52... a3
53. Rxh7 a2 54. Rh1 a1=Q 55. Rxa1 Rxa1 56. g6 (56. e6 fxe6 57. f6 Rf1 58. Ke5
Kc5 59. Kxe6 (59. g6 Re1+ 60. Kf4 Rf1+) 59... Re1+ 60. Kf7 Kd6 61. g6 Rg1 62.
g7 Ke5) 56... fxg6 57. fxg6 Kc5 58. Kf5 1/2-1/2

[Event "BEL-ch"]
[Site "Namur"]
[Date "2006.07.06"]
[Round "6"]
[White "Wiley, Tom E"]
[Black "Hautot, Stephane"]
[Result "1/2-1/2"]
[WhiteElo "2320"]
[BlackElo "2376"]
[PlyCount "97"]
[EventDate "2006.07.01"]
[EventType "swiss"]
[EventRounds "9"]
[EventCountry "BEL"]

1. d4 d5 2. c4 c6 3. Nf3 Nf6 4. e3 Bf5 5. cxd5 cxd5 6. Qb3 Qc7 7. Bd2 e6 8.
Bb5+ Nc6 9. O-O Bd6 10. Bb4 O-O 11. Bxc6 Bxb4 12. Qxb4 Qxc6 13. Ne5 Qc7 14. Nc3
Rfc8 15. a3 Ne8 16. Nb5 Qd8 17. Rfc1 f6 18. Nf3 a6 19. Nc3 Rc4 20. Qb3 Rac8 21.
h3 Nd6 22. Qd1 h6 23. Ne1 Qc7 24. Na2 Qb6 25. b3 Rxc1 26. Rxc1 Rxc1 27. Nxc1
Qa5 28. a4 Qc3 29. Ne2 Qb2 30. f3 b5 31. axb5 Nxb5 32. Nd3 Qa2 33. Nec1 Qb1 34.
Qf1 Bxd3 35. Nxd3 Qxb3 36. Kh2 Kh7 37. Qe2 Qc4 38. Qd1 Nc3 39. Qc2 Nb5 40. Qd1
Nc3 41. Qc2 Ne4 42. Qd1 Nd6 43. Nc5 e5 44. Qb1+ e4 45. fxe4 Nxe4 46. Nxe4 dxe4
47. Qxe4+ Kg8 48. Qe8+ Kh7 49. Qe4+ 1/2-1/2

[Event "BEL-ch"]
[Site "Namur"]
[Date "2006.07.06"]
[Round "6"]
[White "Mohandesi, Shahin"]
[Black "Cekro, Ekrem"]
[Result "1/2-1/2"]
[WhiteElo "2356"]
[BlackElo "2394"]
[PlyCount "24"]
[EventDate "2006.07.01"]
[EventType "swiss"]
[EventRounds "9"]
[EventCountry "BEL"]

1. d4 Nf6 2. Nf3 e6 3. Nbd2 d5 4. e3 c5 5. c3 Nc6 6. Bd3 Be7 7. O-O Qc7 8. dxc5
Bxc5 9. e4 Be7 10. Qe2 Bd7 11. Bc2 Rd8 12. Qc4 Bc8 {Heureusement que le Q.I
n'est pas lié à la manière de noter sa partie d'Echecs, les Français
pourraient encore sortir un millier de blagues belges. Explication : les coups
joués par Mohandesi ne sont pas les mêmes que les coups joués par Cekro, selon
leur feuille de notation respective. Quant à l'ordinateur, qui se contente de
regarder par dessus leurs épaules avant d'enregistrer les coups, il a pèté un
câble et n'a pas continué plus loin. Précision : après 12 coups, plus aucune
feuille des deux joueurs ne correspondent déjà.} 1/2-1/2

[Event "BEL-ch"]
[Site "Namur"]
[Date "2006.07.07"]
[Round "7"]
[White "Vanderstricht, Geert"]
[Black "Saiboulatov, Danial"]
[Result "1/2-1/2"]
[WhiteElo "2417"]
[BlackElo "2413"]
[PlyCount "146"]
[EventDate "2006.07.01"]
[EventType "swiss"]
[EventRounds "9"]
[EventCountry "BEL"]

1. d4 e6 2. c4 Nf6 3. g3 Bb4+ 4. Bd2 a5 5. Bg2 d6 6. Nf3 Nbd7 7. O-O e5 8. e3
c6 9. Bc1 e4 10. Ng5 d5 11. c5 a4 12. a3 Ba5 13. Qxa4 Ra6 14. Qd1 h6 15. Nh3
Nf8 16. f3 exf3 17. Qxf3 Bg4 18. Qf2 N8h7 19. Bd2 Bc7 20. Nc3 O-O 21. Rfe1 Qd7
22. Qf1 Re8 23. b4 Raa8 24. a4 Ne4 25. Nxe4 dxe4 26. b5 Re6 27. Nf4 Re7 28. b6
Bb8 29. h3 Bf3 30. Bxf3 exf3 31. Qxf3 Ng5 32. Qg2 Ne4 33. Bc1 Bxf4 34. gxf4 Qd5
35. Rf1 f5 36. Qa2 Re6 37. Qxd5 cxd5 38. a5 Ra6 39. Ra3 Kf7 40. Re1 Ke7 41. Re2
Kf7 42. Rc2 Rc6 43. Raa2 Nf6 44. Bd2 Nd7 45. Be1 Nb8 46. Kf2 Rg6 47. c6 Nxc6
48. Rc5 Rd6 49. Rac2 Ke6 50. Ke2 Kd7 51. Kd3 g6 52. Rb5 Ke6 53. Rcc5 Ra8 54.
Kc2 Rf8 55. Kb3 Ra8 56. Ka4 Rf8 57. Rc2 Ra8 58. Rbc5 Kd7 59. Kb5 Re8 60. Bf2 g5
61. fxg5 hxg5 62. Ra2 f4 63. exf4 gxf4 64. h4 Rg8 65. a6 bxa6+ 66. Rxa6 Rg2 67.
Rxc6 Rxc6 68. b7 Rc2 69. Be1 Kc7 70. Rf6 Kxb7 71. Rxf4 Kc7 72. Rf5 Rb2+ 73. Bb4
Rg4 1/2-1/2

[Event "BEL-ch"]
[Site "Namur"]
[Date "2006.07.07"]
[Round "7"]
[White "Meessen, Rudolf"]
[Black "Werksma, Arie"]
[Result "0-1"]
[WhiteElo "2316"]
[BlackElo "2295"]
[PlyCount "170"]
[EventDate "2006.07.01"]
[EventType "swiss"]
[EventRounds "9"]
[EventCountry "BEL"]

1. e4 e5 2. Nf3 Nc6 3. Bb5 Nf6 4. O-O Be7 5. Nc3 d6 6. d4 Bd7 7. Re1 exd4 8.
Nxd4 O-O 9. Bxc6 bxc6 10. Qf3 c5 11. Nf5 Bxf5 12. Qxf5 Nd7 13. Nd5 Re8 14. Bd2
c6 15. Nxe7+ Qxe7 16. Rad1 Nb6 17. b3 Rad8 18. c4 Qd7 19. Qxd7 Rxd7 20. Bf4
Red8 21. a4 f6 22. Be3 Kf7 23. Rd3 Ke8 24. h4 Na8 25. Red1 h5 26. a5 a6 27. f4
Nc7 28. Kf2 g6 29. f5 gxf5 30. exf5 Ke7 31. Kf3 Rg8 32. Re1 Kd8 33. Bf4 d5 34.
Bc1 Rdg7 35. Bf4 Rxg2 36. Rde3 Rb2 37. R1e2 Rxe2 38. Rxe2 Rg1 39. Bd6 Rf1+ 40.
Rf2 Rb1 41. Re2 Rxb3+ 42. Kf2 Ne8 43. Bxc5 dxc4 44. Rd2+ Rd3 45. Rxd3+ cxd3 46.
Ke3 Ng7 47. Kxd3 Nxf5 48. Bf2 Nd6 49. Kd4 Kd7 50. Be1 Nb7 51. Ke4 Ke6 52. Bc3
c5 53. Kf4 Nd6 54. Be1 Nc8 55. Ke4 Ne7 56. Bf2 Nf5 57. Bxc5 Nxh4 58. Bg1 Nf5
59. Bh2 Ne7 60. Bg3 Nc6 61. Be1 f5+ 62. Kf4 Ne5 63. Bc3 h4 64. Bd2 Ng4 65. Kf3
h3 66. Bf4 h2 67. Kg2 Kd5 68. Kh1 Ke4 69. Bc7 f4 70. Bb6 f3 71. Bd4 f2 72. Bxf2
Nxf2+ 73. Kxh2 Nd3 74. Kg2 Nc5 75. Kf2 Nb7 76. Ke2 Nxa5 77. Kd2 Kd4 78. Kc2 Kc4
79. Kb2 Kb4 80. Ka2 Nc4 81. Ka1 Kb3 82. Kb1 a5 83. Ka1 a4 84. Kb1 Ne3 85. Ka1
a3 0-1